| 000 | 00973nam a2200253Ia 4500 | ||
|---|---|---|---|
| 003 | OSt | ||
| 005 | 20220923213323.0 | ||
| 006 | a|||||r|||| 00| 0 | ||
| 007 | ta | ||
| 008 | 220922b |||||||| |||| 00| 0 hin d | ||
| 024 | _a160,820 | ||
| 037 | _cTextual | ||
| 040 |
_aARTS _cARTS _bhin |
||
| 041 |
_2hin _ahin |
||
| 082 | _aO152,2:g(Y15), L4 | ||
| 100 | _aभनोत, राजेन्द्र कृष्ण | ||
| 245 | 0 |
_aहिन्दी नाटक में नायक का स्वरूप _b आदि से 1942 तक |
|
| 246 | _aHindī nāṭak mean nāyak kā svarūpa: ādi se 1942 taka | ||
| 260 |
_aदिल्ली _b साहित्य ग्रंथ अकादमी _c1974 |
||
| 300 |
_a464 पृ. _ccm. |
||
| 650 |
_aहिन्दी साहित्य _9156264 |
||
| 942 |
_hO152,2:g(Y15), L4 _cTEXL _2CC |
||
| 999 |
_c315498 _d315498 |
||